Magna Carta and the idea of liberty
This collection presents contemporary views and seventeenth-century arguments, as well as modern attitudes toward the Charter. Comparisons with other similar documents of liberty and extracts from and commentaries on some of these are also presented
Αποθηκεύτηκε σε:
| Μορφή: | Βιβλίο |
|---|---|
| Γλώσσα: | Undetermined |
| Έκδοση: |
Florida
Robert E. Krieger Publishing
1982
|
| Θέματα: | |
| Ετικέτες: |
Προσθήκη ετικέτας
Δεν υπάρχουν, Καταχωρήστε ετικέτα πρώτοι!
|
| Thư viện lưu trữ: | Trung tâm Học liệu Trường Đại học Cần Thơ |
|---|
| LEADER | 00743nam a2200181Ia 4500 | ||
|---|---|---|---|
| 001 | CTU_220513 | ||
| 008 | 210402s9999 xx 000 0 und d | ||
| 082 | |a 323.44 | ||
| 082 | |b M196 | ||
| 245 | 0 | |a Magna Carta and the idea of liberty | |
| 245 | 0 | |c Edited by James C. Holt | |
| 260 | |a Florida | ||
| 260 | |b Robert E. Krieger Publishing | ||
| 260 | |c 1982 | ||
| 520 | |a This collection presents contemporary views and seventeenth-century arguments, as well as modern attitudes toward the Charter. Comparisons with other similar documents of liberty and extracts from and commentaries on some of these are also presented | ||
| 650 | |a Sự tự do,Liberty | ||
| 904 | |i Nguyên | ||
| 980 | |a Trung tâm Học liệu Trường Đại học Cần Thơ | ||